[Event "EU-chT Seniors 50"]
[Site "Novi Sad"]
[Date "2017.07.03"]
[Round "9.4"]
[White "Adamovic, Sasa"]
[Black "Vranjkovic, Jovan"]
[Result "1-0"]
[WhiteElo "1935"]
[BlackElo "1737"]
[PlyCount "71"]
[EventDate "2017.06.25"]
[EventType "team-tourn"]
[EventRounds "9"]
[EventCountry "SRB"]
[SourceTitle "EXT 2018"]
[Source "ChessBase"]
[SourceDate "2017.10.13"]
[SourceVersion "1"]
[SourceVersionDate "2017.10.13"]
[SourceQuality "1"]
[WhiteTeam "Serbia Jugovic 50"]
[BlackTeam "Serbia Penzioner 50"]
[WhiteTeamCountry "SRB"]
[BlackTeamCountry "SRB"]

1. e4 c5 2. Nf3 Nc6 3. d4 cxd4 4. Nxd4 Qb6 5. Nb3 a5 6. Nc3 e6 7. Be3 Qd8 8. Bb5 Be7 9. 0-0 h6 10. f4 Nf6 11. e5 Nh7 12. Qg4 g6 13. Rad1 0-0 14. Ne4 Kg7 15. Nd4 Nxd4 16. Bxd4 Rh8 17. Bd3 b6 18. Ng3 Bc5 19. Bxc5 bxc5 20. f5 Qg5 21. Qf3 Rb8 22. fxg6 Rf8 23. Nh5+ Kg8 24. gxh7+ Kh8 25. Qf6+ Qxf6 26. Rxf6 Bb7 27. Rdf1 c4 28. Bg6 Bc6 29. Rxf7 Rxf7 30. Rxf7 a4 31. Rg7 a3 32. bxa3 Rb1+ 33. Kf2 Rb8 34. Bf7 Rf8 35. Rg8+ Kxh7 36. Nf6# 1-0

[Event "EU-chT Seniors 50"]
[Site "Novi Sad"]
[Date "2017.06.28"]
[Round "4.2"]
[White "Cordes, Steffen"]
[Black "Vranjkovic, Jovan"]
[Result "1-0"]
[WhiteElo "1979"]
[BlackElo "1737"]
[PlyCount "81"]
[EventDate "2017.06.25"]
[EventType "team-tourn"]
[EventRounds "9"]
[EventCountry "SRB"]
[SourceTitle "CBM 179 Extra"]
[Source "ChessBase"]
[SourceDate "2017.08.23"]
[SourceVersion "1"]
[SourceVersionDate "2017.08.23"]
[SourceQuality "1"]
[WhiteTeam "Denmark 50"]
[BlackTeam "Serbia Penzioner 50"]
[WhiteTeamCountry "DEN"]
[BlackTeamCountry "SRB"]

1. e4 c5 2. Nc3 Nc6 3. Nf3 e5 4. Bc4 d6 5. d3 g6 6. Nd2 Bg7 7. Nf1 Nge7 8. Ne3 0-0 9. 0-0 Kh8 10. Ncd5 f5 11. f4 exf4 12. Nxf4 Bd4 13. c3 Be5 14. Ne6 Bxe6 15. Bxe6 fxe4 16. dxe4 Rxf1+ 17. Qxf1 Qf8 18. Bd2 Bg7 19. Nc4 Rd8 20. Bg5 b5 21. Ne3 h6 22. Bh4 Qxf1+ 23. Rxf1 g5 24. Bg3 Be5 25. Rf7 Bxg3 26. hxg3 h5 27. g4 h4 28. Nf5 Ng6 29. Rc7 Nce5 30. Ng7 Nf4 31. Bf5 Rf8 32. Rxa7 Rf7 33. Rxf7 Nxf7 34. Ne8 b4 35. cxb4 cxb4 36. a4 bxa3 37. bxa3 Ne2+ 38. Kf2 Nc3 39. Ke3 d5 40. Be6 Nd8 41. exd5 1-0